Tilastot visalle Yleistieto #24

Klikkaa tästä pelataksesi tätä visaa!

Yleistilastot

  • Tätä visaa on pelattu 734 kertaa
    (674 viimeisimmän päivityksen jälkeen)
  • Keskiarvotulos 7 / 15

Vastaustilastot

VinkkiVastaus% Oikein
Mikä maa voitti Euroopan mestaruuden jalkapallossa 2016?Portugali
71%
Mikä on Maltan pääkaupunki?Valletta
67%
Mille maalle Falklandin saaret kuuluvat?Iso-Britannialle /
yhdistynyt kuningaskunta
65%
Minkä automerkinen mallin nimi on Taunus?Fordin
64%
Kuka Yhdysvaltojen presidentti edelsi Bill Clintonia?George H.W. Bush
64%
Minkä maalainen olutmerkki on Corona?Meksikolainen
64%
Joki joka virtaa Wienin läpi?Tonava
60%
Missä Yhdysvaltojen osavaltiossa on Seattle?Washingtonissa
56%
Kuka kehitti Linux-käyttöjärjestelmän?Linus Torvalds
55%
Mikä on Marokon suurin kaupunki?Casablanca
36%
Minkä nimisessä yhtyeessä Beyonce oli ennen soolouraansa?Destiny' s Child
34%
Kuka ohjasi mm.elokuvan "Tulitikkutehtaan Tyttö"?Aki Kaurismäki
29%
MIkä on Tšekin toiseksi suurin kaupunki?Brno
21%
Kuka kirjoitti "Nuoren Wertherin Kärsimykset"?J.W. von Goethe
13%
Kuka piirtää 'Kiroileva Siili'-sarjaa?Milla Paloniemi
11%

Tulosjakauma

Persentiili vastausten määrän mukaan

Jokaisen tuloksen saaneiden osuus

Tuloshistoriasi

Et ole pelannut tätä visaa sen viimeisimmän päivityksen jälkeen